Vorhaben: Multimodale funktionelle Bildgebung akustischer Wahrnehmung: Fördermaßnahme: Nachwuchsgruppen Bildgebende Verfahren : Schlussbericht : Laufzeit: 1.2.2008-30.11.2014

Saved in:
Bibliographic Details
Main Authors: Gutschalk, Alexander (Author) , Dykstra, Andrew R. (Author) , Wiegand, Katrin (Author) , Steinmann, Iris (Author) , Shaw, Marnie (Author) , Kretschmar, Britta (Author) , Prilop, Lisa (Author) , Königs, Liane (Author)
Format: Book/Monograph
Language:German
Published: Heidelberg Neurologische Universitätsklinik, Universitätsklinikum Heidelberg, Ruprecht-Karls-Universität Heidelberg [2015?]
Subjects:
Online Access: Get full text
Author Notes:Projektleiter: Prof. Dr. med. Alexander Gutschalk ; Mitarbeiter: Andrew Dykstra, PhD; Dr. phil. Katrin Wiegand, Dr. sc. hum. Iris Steinmann, Marnie Shaw, PhD; Dr. med. dent. Britta Kretschmar, Lisa Prilop, Liane Königs ; Neurologische Universitätsklinik, Universitätsklinikum Heidelberg, Ruprecht-Karls-Universität Heidelberg

MARC

LEADER 00000cam a2200000 c 4500
001 857097385
003 DE-627
005 20210705135330.0
007 tu
008 160419s2015 gw ||||| t 00| ||ger c
024 8 |a 01EV0712  |q Identnummer 
035 |a (DE-627)857097385 
035 |a (DE-576)9857097383 
035 |a (DE-599)GBV857097385 
040 |a DE-627  |b ger  |c DE-627  |e rda 
041 |a ger 
044 |c XA-DE 
084 |a 33  |2 sdnb 
084 |a 44.90  |2 bkl 
084 |a 44.64  |2 bkl 
100 1 |a Gutschalk, Alexander  |d 1973-  |e VerfasserIn  |0 (DE-588)122527496  |0 (DE-627)705940225  |0 (DE-576)293308926  |4 aut 
245 1 0 |a Vorhaben: Multimodale funktionelle Bildgebung akustischer Wahrnehmung  |b Fördermaßnahme: Nachwuchsgruppen Bildgebende Verfahren : Schlussbericht : Laufzeit: 1.2.2008-30.11.2014  |c Projektleiter: Prof. Dr. med. Alexander Gutschalk ; Mitarbeiter: Andrew Dykstra, PhD; Dr. phil. Katrin Wiegand, Dr. sc. hum. Iris Steinmann, Marnie Shaw, PhD; Dr. med. dent. Britta Kretschmar, Lisa Prilop, Liane Königs ; Neurologische Universitätsklinik, Universitätsklinikum Heidelberg, Ruprecht-Karls-Universität Heidelberg 
264 1 |a Heidelberg  |b Neurologische Universitätsklinik, Universitätsklinikum Heidelberg, Ruprecht-Karls-Universität Heidelberg  |c [2015?] 
300 |a 11 Seiten, 2 ungezählte Blätter 
336 |a Text  |b txt  |2 rdacontent 
337 |a ohne Hilfsmittel zu benutzen  |b n  |2 rdamedia 
338 |a Band  |b nc  |2 rdacarrier 
500 |a Förderkennzeichen BMBF 01EV0712 
500 |a Unterschiede zwischen dem gedruckten Dokument und der elektronischen Ressource können nicht ausgeschlossen werden 
546 |a Zusammenfassungen in deutscher und englischer Sprache 
655 7 |a Forschungsbericht  |0 (DE-588)4155043-2  |0 (DE-627)10467444X  |0 (DE-576)209815833  |2 gnd-content 
689 0 0 |d s  |0 (DE-588)4072519-4  |0 (DE-627)106094939  |0 (DE-576)20918728X  |a Hirnschädigung  |2 gnd 
689 0 1 |d s  |0 (DE-588)4006617-4  |0 (DE-627)104409800  |0 (DE-576)208866329  |a Bildgebendes Verfahren  |2 gnd 
689 0 |5 (DE-627) 
700 1 |a Dykstra, Andrew R.  |e VerfasserIn  |0 (DE-588)1059559935  |0 (DE-627)798630027  |0 (DE-576)415692997  |4 aut 
700 1 |a Wiegand, Katrin  |e VerfasserIn  |0 (DE-588)1170615236  |0 (DE-627)1039805264  |0 (DE-576)512566194  |4 aut 
700 1 |a Steinmann, Iris  |d 1982-  |e VerfasserIn  |0 (DE-588)1025208331  |0 (DE-627)722142757  |0 (DE-576)370079035  |4 aut 
700 1 |a Shaw, Marnie  |e VerfasserIn  |0 (DE-588)1228112738  |0 (DE-627)1749423235  |4 aut 
700 1 |a Kretschmar, Britta  |e VerfasserIn  |4 aut 
700 1 |a Prilop, Lisa  |d 1987-  |e VerfasserIn  |0 (DE-588)116005259X  |0 (DE-627)1023149451  |0 (DE-576)505469146  |4 aut 
700 1 |a Königs, Liane  |e VerfasserIn  |0 (DE-588)1170978800  |0 (DE-627)1040336574  |0 (DE-576)512742510  |4 aut 
710 2 |a Neurologische Universitätsklinik  |g Heidelberg  |e Herausgebendes Organ  |0 (DE-588)5345607-5  |0 (DE-627)713546255  |0 (DE-576)19746355X  |4 isb 
776 0 8 |i Erscheint auch als  |n Online-Ausgabe  |a Gutschalk, Alexander, 1973 -   |t Vorhaben: Multimodale funktionelle Bildgebung akustischer Wahrnehmung  |d Heidelberg : Neurologische Universitätsklinik, Universitätsklinikum Heidelberg, Ruprecht-Karls-Universität Heidelberg, 2015  |h 1 Online-Ressource (13 Seiten, 266,60)  |w (DE-627)863134912  |w (DE-576)9863134910 
936 b k |a 44.90  |j Neurologie  |0 (DE-627)106409980 
936 b k |a 44.64  |j Radiologie  |0 (DE-627)106409360 
951 |a BO 
990 |a Bildgebendes Verfahren 
990 |a Hirnschädigung 
992 |a 20210301 
998 |g 1170978800  |a Königs, Liane  |m 1170978800:Königs, Liane  |d 910000  |d 911100  |e 910000PK1170978800  |e 911100PK1170978800  |k 0/910000/  |k 1/910000/911100/  |p 8  |y j 
998 |g 116005259X  |a Prilop, Lisa  |m 116005259X:Prilop, Lisa  |d 50000  |e 50000PP116005259X  |k 0/50000/  |p 7 
998 |g 1228112738  |a Shaw, Marnie  |m 1228112738:Shaw, Marnie  |d 910000  |d 911100  |e 910000PS1228112738  |e 911100PS1228112738  |k 0/910000/  |k 1/910000/911100/  |p 5 
998 |g 1025208331  |a Steinmann, Iris  |m 1025208331:Steinmann, Iris  |d 910000  |d 911100  |e 910000PS1025208331  |e 911100PS1025208331  |k 0/910000/  |k 1/910000/911100/  |p 4 
998 |g 1170615236  |a Wiegand, Katrin  |m 1170615236:Wiegand, Katrin  |d 910000  |d 911100  |e 910000PW1170615236  |e 911100PW1170615236  |k 0/910000/  |k 1/910000/911100/  |p 3 
998 |g 1059559935  |a Dykstra, Andrew R.  |m 1059559935:Dykstra, Andrew R.  |d 910000  |d 911100  |e 910000PD1059559935  |e 911100PD1059559935  |k 0/910000/  |k 1/910000/911100/  |p 2 
998 |g 122527496  |a Gutschalk, Alexander  |m 122527496:Gutschalk, Alexander  |d 910000  |d 911100  |d 50000  |e 910000PG122527496  |e 911100PG122527496  |e 50000PG122527496  |k 0/910000/  |k 1/910000/911100/  |k 0/50000/  |p 1  |x j 
999 |a KXP-PPN857097385  |e 3879804281 
BIB |a Y 
JSO |a {"note":["Förderkennzeichen BMBF 01EV0712","Unterschiede zwischen dem gedruckten Dokument und der elektronischen Ressource können nicht ausgeschlossen werden"],"origin":[{"publisherPlace":"Heidelberg","publisher":"Neurologische Universitätsklinik, Universitätsklinikum Heidelberg, Ruprecht-Karls-Universität Heidelberg","dateIssuedKey":"2015","dateIssuedDisp":"[2015?]"}],"name":{"displayForm":["Projektleiter: Prof. Dr. med. Alexander Gutschalk ; Mitarbeiter: Andrew Dykstra, PhD; Dr. phil. Katrin Wiegand, Dr. sc. hum. Iris Steinmann, Marnie Shaw, PhD; Dr. med. dent. Britta Kretschmar, Lisa Prilop, Liane Königs ; Neurologische Universitätsklinik, Universitätsklinikum Heidelberg, Ruprecht-Karls-Universität Heidelberg"]},"id":{"eki":["857097385"]},"title":[{"subtitle":"Fördermaßnahme: Nachwuchsgruppen Bildgebende Verfahren : Schlussbericht : Laufzeit: 1.2.2008-30.11.2014","title_sort":"Vorhaben: Multimodale funktionelle Bildgebung akustischer Wahrnehmung","title":"Vorhaben: Multimodale funktionelle Bildgebung akustischer Wahrnehmung"}],"person":[{"role":"aut","family":"Gutschalk","given":"Alexander","display":"Gutschalk, Alexander"},{"given":"Andrew R.","family":"Dykstra","role":"aut","display":"Dykstra, Andrew R."},{"display":"Wiegand, Katrin","given":"Katrin","role":"aut","family":"Wiegand"},{"family":"Steinmann","role":"aut","given":"Iris","display":"Steinmann, Iris"},{"role":"aut","family":"Shaw","given":"Marnie","display":"Shaw, Marnie"},{"display":"Kretschmar, Britta","given":"Britta","role":"aut","family":"Kretschmar"},{"display":"Prilop, Lisa","family":"Prilop","role":"aut","given":"Lisa"},{"given":"Liane","role":"aut","family":"Königs","display":"Königs, Liane"}],"type":{"bibl":"book"},"language":["ger"],"corporate":[{"role":"isb","display":"Neurologische Universitätsklinik"}],"physDesc":[{"extent":"11 Seiten, 2 ungezählte Blätter"}],"recId":"857097385"} 
SRT |a GUTSCHALKAVORHABENMU2015